000 00641nam a22001457a 4500
005 20230616160141.0
008 230425b xxu||||| |||| 00| 0 eng d
082 _a070.402
_bSHI
100 _aShimladka, Umesh Kumar
245 _aಡಿಜಿಟಲ್ ಪತ್ರಿಕೋದ್ಯಮ
_bVimanadalli parisara niyantran vyavasthegala paatra mattu Praamukyathe
_cShimladka, Umesh Kumar
260 _aBelagavi
_bPrasaranga, Visveswaraya Technological University ( VTU )
_c2021
300 _a64p.
440 _aJanpriya Taantrika Shikshana Maale (ಜನಪ್ರಿಯ ತಾಂತ್ರಿಕ ಶಿಕ್ಷಣ ಮಾಲೆ)
650 _aGeneral
999 _c11639
_d11639